| 000 | 004160000a22001690004500 | ||
|---|---|---|---|
| 003 | MACL | ||
| 005 | 20160103114342.0 | ||
| 008 | 160103b xxu||||| |||| 00| 0 eng d | ||
| 040 |
_aMACL _cMACL |
||
| 041 | _aEnglish | ||
| 082 | _a800/GIL | ||
| 100 |
_aGiles, Lionel _923914 |
||
| 245 | _aThe Sayings of Confucius | ||
| 260 |
_bJohn Murray _c1912 _aLondon |
||
| 650 |
_aLiterature _927565 |
||
| 942 |
_cBK _k800/GIL _2ddc |
||
| 999 |
_c39195 _d39195 |
||